BASIC STATISICS (Record no. 10682)

MARC details
000 -LEADER
fixed length control field 01407cas a2200421 a 4500
001 - CONTROL NUMBER
control field 11260968
003 - CONTROL NUMBER IDENTIFIER
control field OS812240989Xt
005 - DATE AND TIME OF LATEST TRANSACTION
control field 20211008100428.0
008 - FIXED-LENGTH DATA ELEMENTS--GENERAL INFORMATION
fixed length control field 820608c19uu9999ii uu s f0 a0eng
010 ## - LIBRARY OF CONGRESS CONTROL NUMBER
LC control number 82643555
020 ## - INTERNATIONAL STANDARD BOOK NUMBER
International Standard Book Number 812240989X
035 ## - SYSTEM CONTROL NUMBER
System control number (OCoLC)ocm08499945
040 ## - CATALOGING SOURCE
Original cataloging agency DDC
Language of cataloging eng
Transcribing agency HU
Modifying agency OCLCO
-- OCLCQ
-- OCLCF
-- ORU
-- OCLCQ
042 ## - AUTHENTICATION CODE
Authentication code pcc
043 ## - GEOGRAPHIC AREA CODE
Geographic area code a-ii---
050 00 - LIBRARY OF CONGRESS CALL NUMBER
Classification number HA4587.A5
Item number B37
082 0# - DEWEY DECIMAL CLASSIFICATION NUMBER
Classification number 310/AGA
100 ## - MAIN ENTRY--PERSONAL NAME
Personal name AGRWAL B.L.
9 (RLIN) 11535
130 0# - MAIN ENTRY--UNIFORM TITLE
Uniform title Basic statistics (Port Blair, India)
9 (RLIN) 11536
245 10 - TITLE STATEMENT
Title BASIC STATISICS
250 ## - EDITION STATEMENT
Edition statement 3rd ed.
260 ## - PUBLICATION, DISTRIBUTION, ETC.
Place of publication, distribution, etc. NEW DELHI
Name of publisher, distributor, etc. NEW AGE INTERNATIONAL
Date of publication, distribution, etc. 1999.
300 ## - PHYSICAL DESCRIPTION
Extent volumes ;
Dimensions 15 cm
336 ## - CONTENT TYPE
Content type term text
Content type code txt
Source rdacontent
337 ## - MEDIA TYPE
Media type term unmediated
Media type code n
Source rdamedia
338 ## - CARRIER TYPE
Carrier type term volume
Carrier type code nc
Source rdacarrier
500 ## - GENERAL NOTE
General note At head of title: Andaman & Nicobar Islands, <1992->
588 ## - SOURCE OF DESCRIPTION NOTE
Source of description note Description based on: 1979-80.
588 ## - SOURCE OF DESCRIPTION NOTE
Source of description note Latest issue consulted: 1994.
590 ## - LOCAL NOTE (RLIN)
Local note SERBIB/SERLOC merged record
651 #0 - SUBJECT ADDED ENTRY--GEOGRAPHIC NAME
Geographic name Andaman and Nicobar Islands (India)
Form subdivision Statistics.
9 (RLIN) 11537
651 #7 - SUBJECT ADDED ENTRY--GEOGRAPHIC NAME
Geographic name India
Geographic subdivision Andaman and Nicobar Islands.
Source of heading or term fast
Authority record control number or standard number (OCoLC)fst01212305
9 (RLIN) 11538
655 #7 - INDEX TERM--GENRE/FORM
Genre/form data or focus term Statistics.
Source of term fast
Authority record control number or standard number (OCoLC)fst01423727
9 (RLIN) 11539
710 1# - ADDED ENTRY--CORPORATE NAME
Corporate name or jurisdiction name as entry element Andaman and Nicobar Islands (India).
Subordinate unit Statistical Bureau.
9 (RLIN) 11540
906 ## - LOCAL DATA ELEMENT F, LDF (RLIN)
a 7
b cbc
c serials
d 3
e ncip
f 19
g n-oclcserc
942 ## - ADDED ENTRY ELEMENTS (KOHA)
Source of classification or shelving scheme Dewey Decimal Classification
Koha item type Books like text book referance book
Suppress in OPAC No
Holdings
Withdrawn status Lost status Source of classification or shelving scheme Damaged status Not for loan Home library Current library Shelving location Date acquired Total Checkouts Full call number Barcode Date last seen Copy number Price effective from Koha item type
    Dewey Decimal Classification     Natural & Computational Science Library Natural & Computational Science Library General Stacks 10/08/2021   310/AGA NSCLIB00000165 10/08/2021 2 10/08/2021 Books like text book referance book